| 000 | 00325 a2200133 4500 | ||
|---|---|---|---|
| 001 | 37963 | ||
| 020 | _a9780201512861 | ||
| 082 | _a519.2 LAR | ||
| 090 |
_c24142 _d24142 |
||
| 100 | _aHarold J Lanson | ||
| 245 |
_aIntroduction to probability _cHarold J Lanson |
||
| 260 |
_aUSA _bAddison Wesley _c1995 |
||
| 300 | _aviii371p | ||
| 942 |
_aNUST-CAE _k519.2 LAR |
||
| 999 |
_c273036 _d273036 |
||